000 00549nam a2200205 a 4500
001 BRL_591
005 20190320210819.0
008 060913s1951----nyu#######---#000-0#eng-#
041 _aeng
044 _anyu
050 4 _aPZ1
_b.S65 1957
100 1 _aSpillane, Mickey
_d1918-2006
_924376
245 1 0 _aOne Lonely Nigth
_cMickey Spillane.
260 _aNueva York
_bThe New American Library of World Literature, Inc.
_c1957
300 _a159 p.
_c18 cm.
500 _aAu683
650 1 4 _aNovela policiaca
_923905
902 _aGRL
942 _2lcc
_cB
999 _c9403
_d9403